| 000 | 00504nam a22001817a 4500 | ||
|---|---|---|---|
| 999 |
_c190220 _d190220 |
||
| 005 | 20220720162625.0 | ||
| 010 | _aENG-133737 | ||
| 020 |
_a9789382633365 _c675.00 |
||
| 035 | _aEN-117269 | ||
| 037 | _bDBAD/PUB | ||
| 082 | _a954.0841 | ||
| 100 | _aKhanna, D.N. | ||
| 245 |
_aHindu Reform Movements/ _cD.N. Khanna |
||
| 260 |
_aAllahabad _bShabd Prakashan _c2016 |
||
| 270 |
_a116/70, Lukerganj _bAllahabad _e211001 |
||
| 300 |
_a136p. _c22cm(hbk) |
||
| 942 |
_2ddc _cEN _h954.0841 _mKHA |
||